[Event "Bremen Silvester op-B"]
[Site "Bremen"]
[Date "2022.12.27"]
[Round "1"]
[White "Leimkuehler, Dirk"]
[Black "Stapel, Waldemar"]
[Result "1-0"]
[WhiteElo "1788"]
[BlackElo "1343"]
[PlyCount "65"]
[EventDate "2022.12.27"]
[EventType "swiss"]
[EventRounds "7"]
[EventCountry "GER"]
[SourceTitle "CBM 211 Extra"]
[Source "ChessBase"]
[SourceDate "2023.01.31"]
[SourceVersion "1"]
[SourceVersionDate "2023.01.31"]
[SourceQuality "1"]

1. f4 d5 2. Nf3 Nf6 3. g3 c5 4. Bg2 Nc6 5. d3 Bg4 6. 0-0 e6 7. Nc3 Be7 8. e4 dxe4 9. dxe4 0-0 10. h3 Bxf3 11. Qxf3 Nd4 12. Qf2 Qc7 13. Be3 Rfd8 14. Rad1 a6 15. e5 Ne8 16. Ne4 Rac8 17. c3 Nf5 18. Rxd8 Rxd8 19. Bxc5 Bxc5 20. Nxc5 b5 21. g4 Ne7 22. Nxa6 Qc4 23. Nb4 Nc7 24. f5 exf5 25. gxf5 Ncd5 26. f6 Ng6 27. Nxd5 Rxd5 28. Bxd5 Qxd5 29. Qd4 Qe6 30. Qd8+ Nf8 31. fxg7 Qg6+ 32. Kf2 Kxg7 33. Rg1 1-0

[Event "Ruhrgebiet Regionalliga 1819"]
[Site "Nordrheinwestfalen"]
[Date "2019.06.02"]
[Round "11.7"]
[White "Leimkuehler, Dirk"]
[Black "Zachos, Ingo"]
[Result "1-0"]
[WhiteElo "1859"]
[BlackElo "1974"]
[PlyCount "47"]
[EventDate "2018.09.02"]
[EventType "team-tourn"]
[EventRounds "11"]
[EventCountry "GER"]
[SourceTitle "EXT 2022"]
[Source "ChessBase"]
[SourceDate "2021.10.06"]
[SourceVersion "1"]
[SourceVersionDate "2021.10.06"]
[SourceQuality "1"]
[WhiteTeam "Welper SV"]
[BlackTeam "Eichlinghofen SV"]
[WhiteTeamCountry "GER"]
[BlackTeamCountry "GER"]

1. f4 Nf6 2. Nf3 d5 3. g3 g6 4. Bg2 Bg7 5. d3 0-0 6. Nc3 d4 7. Ne4 Nxe4 8. dxe4 c5 9. 0-0 Nc6 10. Rb1 e5 11. e3 exf4 12. exf4 Re8 13. Re1 Rb8 14. a3 a5 15. h3 a4 16. Qd3 b5 17. g4 b4 18. Bd2 Qb6 19. e5 Ba6 20. Qe4 Bb7 21. Qe2 Ba6 22. Qf2 Rbd8 23. Ng5 b3 24. Be4 1-0

[Event "Ruhrgebiet Verbandsklasse Gruppe 1 1718"]
[Site "Germany"]
[Date "2017.11.05"]
[Round "3.4"]
[White "Pahne, Dirk"]
[Black "Leimkuehler, Dirk"]
[Result "1/2-1/2"]
[WhiteElo "1909"]
[BlackElo "1813"]
[PlyCount "62"]
[EventDate "2017.09.17"]
[EventType "team-tourn"]
[EventRounds "9"]
[EventCountry "GER"]
[SourceTitle "EXT 2022"]
[Source "ChessBase"]
[SourceDate "2021.10.06"]
[SourceVersion "1"]
[SourceVersionDate "2021.10.06"]
[SourceQuality "1"]
[WhiteTeam "Eving SV Rochade"]
[BlackTeam "Welper SV II"]
[WhiteTeamCountry "GER"]
[BlackTeamCountry "GER"]

1. e4 d5 2. exd5 Qxd5 3. Nc3 Qd6 4. g3 Nf6 5. Bg2 a6 6. d3 Bg4 7. Nge2 Nc6 8. f3 Bf5 9. Bg5 h6 10. Be3 e6 11. Qd2 Be7 12. Ne4 Nxe4 13. dxe4 Bg6 14. 0-0-0 0-0-0 15. Qxd6 Rxd6 16. Rxd6 cxd6 17. Nf4 Bg5 18. h4 Bxf4 19. Bxf4 e5 20. Bh3+ Kc7 21. Be3 Rd8 22. Rd1 Ne7 23. g4 f6 24. c4 Bf7 25. b3 a5 26. h5 a4 27. Kb2 Ra8 28. Bf1 axb3 29. axb3 b6 30. Ra1 Rxa1 31. Kxa1 Nc6 1/2-1/2

[Event "Ruhrgebiet Verbandsklasse Gruppe 3 1415"]
[Site "Germany"]
[Date "2014.09.21"]
[Round "1"]
[White "Leimkuehler, Dirk"]
[Black "Dahlbeck, Mirko"]
[Result "0-1"]
[WhiteElo "1789"]
[BlackElo "1818"]
[PlyCount "42"]
[EventDate "2014.09.21"]
[EventType "team-tourn"]
[EventRounds "9"]
[EventCountry "GER"]
[SourceTitle "EXT 2022"]
[Source "ChessBase"]
[SourceDate "2021.10.06"]
[SourceVersion "1"]
[SourceVersionDate "2021.10.06"]
[SourceQuality "1"]
[WhiteTeam "Welper SV II"]
[BlackTeam "Annen Sport Union"]
[WhiteTeamCountry "GER"]
[BlackTeamCountry "GER"]

1. f4 d5 2. Nf3 c5 3. g3 Nc6 4. c3 Nf6 5. Bg2 Bf5 6. d3 Qc8 7. Qa4 Bh3 8. Bxh3 Qxh3 9. Ne5 a6 10. Na3 Rc8 11. Be3 e6 12. Nc2 Bd6 13. Nxc6 Rxc6 14. b4 0-0 15. b5 Rb6 16. c4 Ng4 17. Qa5 Nxe3 18. Nxe3 Bc7 19. cxd5 Rc8 20. Qd2 Rxb5 21. dxe6 Ba5 0-1

[Event "NRW Verbandsklasse Group2 1314"]
[Site "Nordrheinwestfalen"]
[Date "2014.01.26"]
[Round "6.5"]
[White "Schlenter, Ruediger"]
[Black "Leimkuehler, Dirk"]
[Result "1-0"]
[WhiteElo "1860"]
[BlackElo "1833"]
[PlyCount "125"]
[EventDate "2013.09.08"]
[EventType "team-tourn"]
[EventRounds "9"]
[EventCountry "GER"]
[SourceTitle "EXT 2020"]
[Source "ChessBase"]
[SourceDate "2019.10.17"]
[SourceVersion "1"]
[SourceVersionDate "2019.10.17"]
[SourceQuality "1"]
[WhiteTeam "Muelheim Nord IV"]
[BlackTeam "Welper SV II"]
[WhiteTeamCountry "GER"]
[BlackTeamCountry "GER"]

1. Nf3 f5 2. c4 Nf6 3. g3 g6 4. b3 Bg7 5. Bb2 d6 6. d4 0-0 7. Bg2 Nc6 8. d5 Nb8 9. 0-0 Nbd7 10. Nd4 Nc5 11. b4 Nce4 12. Qc1 h6 13. a4 Rb8 14. a5 Bd7 15. Nd2 c6 16. Nxe4 fxe4 17. b5 cxd5 18. cxd5 Rc8 19. Qd2 Rc5 20. Ne6 Bxe6 21. dxe6 Qc8 22. Rac1 Rxc1 23. Qxc1 Qxe6 24. Bxf6 exf6 25. Qc7 Qd5 26. Rb1 f5 27. a6 Rf7 28. Qb8+ Kh7 29. Qxa7 bxa6 30. Qxa6 Bd4 31. Qa4 Ra7 32. Qd1 Qc4 33. Rc1 Qb4 34. Rb1 Qc5 35. e3 Bf6 36. Bf1 Bd8 37. Qb3 Bb6 38. Qe6 Qc2 39. Ra1 Qc7 40. Rxa7 Bxa7 41. Bc4 Qg7 42. Qxd6 Qc3 43. Qe6 h5 44. h4 Bc5 45. Qd7+ Qg7 46. Qd5 Bb6 47. Qe6 Bc5 48. Kg2 Qc3 49. Qg8+ Kh6 50. Bf7 Qg7 51. Qe8 Bb6 52. Qe6 Bc5 53. Be8 Be7 54. b6 Qf6 55. Qd7 Qd6 56. Qc7 g5 57. hxg5+ Kxg5 58. Qc4 Qf6 59. b7 Bd6 60. Qc8 Qe5 61. Bf7 Qg7 62. Qd8+ Kh6 63. Qxd6+ 1-0

[Event "NRW Verbandsklasse Group2 1314"]
[Site "Nordrheinwestfalen"]
[Date "2013.11.03"]
[Round "3.4"]
[White "Schlueter, Christoph"]
[Black "Leimkuehler, Dirk"]
[Result "1/2-1/2"]
[WhiteElo "1978"]
[BlackElo "1833"]
[PlyCount "44"]
[EventDate "2013.09.08"]
[EventType "team-tourn"]
[EventRounds "9"]
[EventCountry "GER"]
[SourceTitle "EXT 2020"]
[Source "ChessBase"]
[SourceDate "2019.10.17"]
[SourceVersion "1"]
[SourceVersionDate "2019.10.17"]
[SourceQuality "1"]
[WhiteTeam "Kirchhellen SF"]
[BlackTeam "Welper SV II"]
[WhiteTeamCountry "GER"]
[BlackTeamCountry "GER"]

1. c4 f5 2. g3 Nf6 3. Bg2 g6 4. Nc3 Bg7 5. d4 Nc6 6. Nf3 d6 7. d5 Ne5 8. 0-0 0-0 9. Qb3 Rb8 10. Nd4 Bd7 11. f4 Neg4 12. e3 a6 13. Qa3 Qe8 14. h3 Nh6 15. Bd2 e5 16. dxe6 Bxe6 17. b3 Ne4 18. Nxe4 fxe4 19. g4 Bd7 20. Bc3 Qe7 21. g5 Nf5 22. Nxf5 Bxf5 1/2-1/2

[Event "Ruhrgebiet Regionalliga 1112"]
[Site "Nordrheinwestfalen"]
[Date "2011.11.06"]
[Round "3.7"]
[White "Leimkuehler, Dirk"]
[Black "Pilat, Fabian"]
[Result "1-0"]
[WhiteElo "1827"]
[BlackElo "1946"]
[PlyCount "119"]
[EventDate "2011.09.25"]
[EventType "team-tourn"]
[EventRounds "9"]
[EventCountry "GER"]
[SourceTitle "EXT 2020"]
[Source "ChessBase"]
[SourceDate "2019.10.17"]
[SourceVersion "1"]
[SourceVersionDate "2019.10.17"]
[SourceQuality "1"]
[WhiteTeam "Welper SV"]
[BlackTeam "Bochum SG III"]
[WhiteTeamCountry "GER"]
[BlackTeamCountry "GER"]

1. f4 d5 2. Nf3 c5 3. e3 Nc6 4. Nc3 Nf6 5. b3 Bg4 6. Be2 e6 7. Bb2 Be7 8. 0-0 Qc7 9. Nb5 Qb6 10. Ne5 Bxe2 11. Qxe2 a6 12. Nxc6 Qxc6 13. Nc3 0-0 14. d3 b5 15. Rae1 Rac8 16. Nd1 c4 17. Nf2 c3 18. Bc1 Bc5 19. Ng4 Nxg4 20. Qxg4 f5 21. Qh4 Rf6 22. Rf3 Rcf8 23. Rh3 Rh6 24. Qg3 Rff6 25. Rxh6 Rxh6 26. h3 Qb6 27. Kf1 Be7 28. Qf3 Rg6 29. e4 dxe4 30. dxe4 Bh4 31. Be3 Qc6 32. Bf2 Bxf2 33. Kxf2 Rf6 34. e5 Qxf3+ 35. Kxf3 Rf7 36. Rd1 Ra7 37. Rd6 Kf7 38. a3 a5 39. Ke3 h6 40. Kd3 b4 41. axb4 axb4 42. Rd4 Rb7 43. Kc4 g5 44. g3 Kg6 45. Kc5 Rb8 46. Rxb4 Rxb4 47. Kxb4 gxf4 48. gxf4 Kh5 49. Kc5 Kh4 50. b4 Kxh3 51. b5 Kg4 52. b6 h5 53. b7 h4 54. b8Q Kxf4 55. Kd6 Kg3 56. Qg8+ Kf3 57. Qxe6 f4 58. Qh3+ Ke2 59. e6 f3 60. e7 1-0

[Event "Ruhrgebiet VK1 0708"]
[Site "Germany"]
[Date "2008.01.20"]
[Round "5.5"]
[White "Blum, Alfred"]
[Black "Leimkuehler, Dirk"]
[Result "1/2-1/2"]
[WhiteElo "2114"]
[BlackElo "1870"]
[PlyCount "97"]
[EventDate "2007.09.16"]
[EventType "team"]
[EventRounds "9"]
[EventCountry "GER"]
[SourceTitle "EXT 2009"]
[Source "ChessBase"]
[SourceDate "2008.11.26"]
[SourceVersion "1"]
[SourceVersionDate "2008.11.26"]
[SourceQuality "1"]
[WhiteTeam "Katernberg III"]
[BlackTeam "Welper SV II"]
[WhiteTeamCountry "GER"]
[BlackTeamCountry "GER"]

1. d4 f5 2. Nf3 g6 3. g3 Bg7 4. Bg2 Nf6 5. 0-0 0-0 6. c4 d6 7. Nc3 Nc6 8. Rb1 e5 9. d5 Ne7 10. e4 Nxe4 11. Nxe4 fxe4 12. Ng5 Nf5 13. Nxe4 h6 14. b3 Qe8 15. Bb2 g5 16. h3 Qg6 17. Rc1 b6 18. b4 a5 19. a3 Bd7 20. c5 axb4 21. axb4 Bb5 22. Re1 bxc5 23. bxc5 Rfb8 24. Ra1 Bc4 25. Rxa8 Rxa8 26. Qc2 Ra2 27. Nd2 Ba6 28. Qb3 Ra5 29. Be4 Qf7 30. Qb8+ Bf8 31. g4 Rb5 32. Qa8 Bb7 33. Qa2 Nh4 34. c6 Bc8 35. Bd3 Rb4 36. Re4 Rxe4 37. Bxe4 h5 38. Qb3 Qf4 39. Qe3 hxg4 40. Qxf4 gxf4 41. hxg4 Bxg4 42. f3 Bc8 43. Bc3 Be7 44. Ba5 Bd8 45. Nc4 Nf5 46. Bxf5 Bxf5 47. Nxd6 cxd6 48. Bxd8 Kf7 49. Bg5 1/2-1/2

[Event "Ruhrgebiet VK2 0405"]
[Site "Ruhrgebiet"]
[Date "2005.03.13"]
[Round "8.7"]
[White "Leimkuehler, Dirk"]
[Black "Verfuerth, Christian"]
[Result "0-1"]
[WhiteElo "1905"]
[BlackElo "1915"]
[PlyCount "108"]
[EventDate "2004.09.12"]
[EventType "team"]
[EventRounds "9"]
[EventCountry "GER"]
[SourceTitle "EXT 2006"]
[Source "ChessBase"]
[SourceDate "2005.11.24"]
[SourceVersion "1"]
[SourceVersionDate "2005.11.24"]
[SourceQuality "1"]
[WhiteTeam "Welper SV"]
[BlackTeam "Horst II"]
[WhiteTeamCountry "GER"]
[BlackTeamCountry "GER"]

1. e4 e6 2. Nf3 d5 3. Nc3 Nf6 4. exd5 exd5 5. d4 Bb4 6. a3 Bxc3+ 7. bxc3 0-0 8. Be2 Nc6 9. 0-0 Be6 10. Bg5 h6 11. Bh4 Bg4 12. Ne5 Bxe2 13. Qxe2 g5 14. Bg3 Nxe5 15. Bxe5 Nd7 16. Qh5 Nxe5 17. dxe5 Kg7 18. f4 f6 19. Rab1 fxe5 20. fxe5 Rxf1+ 21. Rxf1 Qe8 22. Qe2 Qe7 23. e6 Rf8 24. Qe5+ Rf6 25. Rxf6 Qxf6 26. Qxc7+ Kg6 27. Qd7 Qf4 28. Qxd5 Qc1+ 29. Kf2 Qxc2+ 30. Kf1 Qc1+ 31. Ke2 Qc2+ 32. Qd2 Qe4+ 33. Qe3 Qxg2+ 34. Ke1 Qh1+ 35. Ke2 Qxh2+ 36. Ke1 Qh4+ 37. Ke2 Qc4+ 38. Ke1 Qh4+ 39. Ke2 Qh2+ 40. Ke1 Qh1+ 41. Ke2 Qc6 42. Qe5 Qc4+ 43. Ke1 Qf4 44. Qe2 Qg3+ 45. Kf1 Qb8 46. Qd3+ Kf6 47. Qd7 Qf4+ 48. Kg2 Qe4+ 49. Kg1 Qxe6 50. Qxb7 Qb6+ 51. Qxb6+ axb6 52. c4 Ke5 53. c5 bxc5 54. a4 Kd5 0-1

[Event "Ruhrgebiet VL1 0304"]
[Site "Ruhrgebiet"]
[Date "2004.08.02"]
[Round "6.8"]
[White "Kuerschners, Stefan"]
[Black "Leimkuehler, Dirk"]
[Result "0-1"]
[WhiteElo "1942"]
[BlackElo "1876"]
[PlyCount "110"]
[EventDate "2003.09.28"]
[EventType "team"]
[EventRounds "9"]
[EventCountry "GER"]
[SourceTitle "EXT 2007"]
[Source "ChessBase"]
[SourceDate "2006.11.23"]
[SourceVersion "1"]
[SourceVersionDate "2006.11.23"]
[SourceQuality "1"]
[WhiteTeam "Gelsenkirchen II"]
[BlackTeam "Welper SV"]
[WhiteTeamCountry "GER"]
[BlackTeamCountry "GER"]

1. e4 c5 2. Nf3 d6 3. d4 cxd4 4. Nxd4 Nf6 5. Nc3 a6 6. g3 e6 7. Bg2 Be7 8. 0-0 Qc7 9. a4 Nc6 10. Nde2 0-0 11. h3 Bd7 12. g4 Rfd8 13. Ng3 Ne5 14. g5 Ne8 15. f4 Nc4 16. Rf3 Bc6 17. Rd3 b5 18. b3 Na5 19. Be3 b4 20. Nce2 Nb7 21. Nd4 Rac8 22. c4 Nc5 23. Nxc6 Qxc6 24. Rd2 a5 25. Rb1 Qc7 26. Qg4 g6 27. h4 Bf8 28. h5 Bg7 29. hxg6 hxg6 30. f5 Nxb3 31. Rxb3 Qxc4 32. Qd1 Be5 33. Bd4 Bf4 34. Rdd3 e5 35. Bb6 Rd7 36. f6 Bxg5 37. Bh3 Qa6 38. Be3 Bxe3+ 39. Rxe3 Rdc7 40. Bxc8 Qxc8 41. Qf3 Rc1+ 42. Kg2 Qc2+ 43. Re2 Qd1 44. Rf2 Qg1+ 45. Kh3 Ra1 46. Rg2 Qc1 47. Nf5 Qh1+ 48. Kg3 Nxf6 49. Ne7+ Kg7 50. Nf5+ Kf8 51. Nxd6 Nh5+ 52. Kg4 Nf4 53. Rbb2 Qh5+ 54. Kg3 Qh3+ 55. Kf2 Rf1+ 0-1

[Event "Ruhrhalbinsel op 19th"]
[Site "Essen"]
[Date "2004.05.21"]
[Round "4"]
[White "Straeter, Timo"]
[Black "Leimkuehler, Dirk"]
[Result "1-0"]
[WhiteElo "2335"]
[BlackElo "1885"]
[PlyCount "31"]
[EventDate "2004.05.??"]
[EventType "swiss"]
[EventRounds "7"]
[EventCountry "GER"]
[SourceTitle "CBM 100 Extra"]
[Source "ChessBase"]
[SourceDate "2004.07.06"]
[SourceVersion "2"]
[SourceVersionDate "2004.07.06"]
[SourceQuality "1"]

1. d4 f5 2. Nc3 d5 3. Bf4 c6 4. e3 Nf6 5. Bd3 e6 6. Nf3 Ne4 7. Ne5 Qf6 8. 0-0 Nd7 9. f3 Nxc3 10. bxc3 c5 11. c4 dxc4 12. Bxc4 a6 13. c3 Nb6 14. Rb1 Nxc4 15. Nxc4 b5 16. Nb6 1-0